000 00321nam a2200097Ia 4500
008 220120s9999||||xx |||||||||||||| ||und||
100 _aAsha C.R. Avinash R and Pavana K.L
_912358
245 0 _aNetwork spy pocket sniffer
260 _aCoorg Institute of Technology
_bPonnampet
_c2002
650 _aELECTRONICS AND COMMUNICATIONS
999 _c137944
_d137944